Great Literature #15 - Statistics

General Stats
  • This quiz has been taken 234 times
  • The average score is 11 of 20
Answer Stats
Hint Answer % Correct
J.R.R. Tolkien The Hobbit
98%
Ray Bradbury Fahrenheit 451
95%
Mao Zedong Quotations from Chairman Mao
87%
Lao Tzu Tao Te Ching
86%
Plato The Republic
84%
Thomas Hardy Jude the Obscure
73%
Stephen King The Stand
73%
John Irving The World According to Garp
67%
Edith Wharton The House of Mirth
60%
Henry David Thoreau Civil Disobedience
59%
Confucius Analects
54%
W. E. B. Du Bois The Souls of Black Folk
48%
Maxine Hong Kingston The Woman Warrior: Memoirs of a Girlhood Among Ghosts
46%
Richard Wright Black Boy
41%
Joan Didion Slouching Towards Bethlehem
32%
John Dos Passos Nineteen Nineteen
27%
Halldor Laxness Independent People
24%
John Cheever The Enormous Radio
22%
W. B. Yeats Autobiographies
17%
Walter Jackson Bate Samuel Johnson
14%
No matching quizzes found
Score Distribution
Percent of People with Each Score
Percentile by Number Answered
Your Score History
You have not taken this quiz